000 01970cam a22005414a 4500
001 54424
005 20230410123358.0
008 050124s2005 enkab b 001 0 eng
010 _a 2005001303
035 _a(OCoLC)ocm57514838
040 _aDLC
_cDLC
_dUKM
_dBAKER
_dBWKUK
_dNLGGC
_dMUQ
_dBTCTA
_dYDXCP
015 _aGBA542692
_2bnb
016 7 _a013200839
_2Uk
019 _a60419334
020 _a0415336376 (hbk. : alk. paper)
020 _a9780415336376 (hbk. : alk. paper)
020 _a0415336384 (pbk. : alk. paper)
020 _a9780415336383 (pbk. : alk. paper)
029 1 _aNLGGC
_b272280224
029 1 _aYDXCP
_b100364502
029 1 _aYDXCP
_b100366134
029 1 _aNZ1
_b9114906
035 _a(OCoLC)57514838
_z(OCoLC)60419334
042 _apcc
043 _aa-ja---
050 1 4 _aJZ1745
_bJ37 2005
082 0 0 _a327.52
_222
084 _a89.90
_2bcl
245 0 0 _aJapan's international relations :
_bpolitics, economics and security /
_cGlenn D. Hook ... [et al.].
250 _a2nd ed.
260 _aLondon ;
_aNew York :
_bRoutledge,
_c2005.
300 _axlvii, 623 p. :
_bill., maps ;
_c26 cm.
440 0 _aSheffield Centre for Japanese studies/Routledge series
504 _aIncludes bibliographical references (p. 505-528) and index.
651 0 _aJapan
_xForeign relations
_y1989-
650 1 7 _aBuitenlandse betrekkingen.
_2gtt
650 1 7 _aVeiligheidspolitiek.
_2gtt
650 1 7 _aInternationale economische betrekkingen.
_2gtt
651 6 _aJapon
_xRelations extâerieures
_y1989-
700 1 _aHook, Glenn D.
856 4 1 _3Table of contents
_uhttp://www.loc.gov/catdir/toc/ecip056/2005001303.html
938 _aBaker and Taylor
_bBTCP
_n2005001303
938 _aBaker & Taylor
_bBKTY
_c45.95
_d45.95
_i0415336384
_n0006248310
_sactive
938 _aYBP Library Services
_bYANK
_n100366134
938 _aBaker & Taylor
_bBKTY
_c170.00
_d170.00
_i0415336376
_n0006248309
_sactive
942 _2lcc
_cbk
994 _aC0
_bDRFGD
999 _c60257
_d60257